000 01085nam0a2200337 4500
001 RU\NLR\BIBL_A\022703489
005 20260218102609.0
010 _a978-5-6053528-0-8
021 _aRU
_bКН-П-25-072507
_9КН-П-25-7027
035 _a(NLR Aleph) 022703489
090 _a13547913
_c13547913
100 _a20260119d2025 u y0rusy50 ca
101 0 _arus
102 _aRU
105 _aa z 000ay
181 0 _ai2
_baxxe
181 0 _ab2
_bbb2e
182 0 _an
200 1 _aКак Звёздочка нашла радость
_f[Мира Сказочная]
203 _aТекст
_aИзображение
_bвизуальные
_cнепосредственные
210 _a[Б. м.
_cб. и.
_d2025]
215 _a[10] с.
_cцв. ил.
_d15x14
300 _aАвт. указан на 4-й с. обл.
333 _a0+
686 0 _aШ9(2)60=Р7-2
700 1 _7ca
_8rus
_aСказочная
_bМ.
_f1987-
_gМира
_92697757
_3RU\NLR\AUTH\770290148
942 _cBOOK
980 _aNB